Sistematización Taller de Investigación en la MLATS /

Guardat en:
Dades bibliogràfiques
Autor corporatiu: Universidad Nacional Autónoma de Honduras. Postgrado Latinoamericano en Trabajo Social, PLATS
Format: Desconegut
Publicat: Tegucigalpa: UNAH
Etiquetes: Afegir etiqueta
Sense etiquetes, Sigues el primer a etiquetar aquest registre!

MARC

LEADER 00000 a2200000 04500
001 28569
003
008 991231s d
040 |a CRAI/IIS  |c CRAI/IIS 
090 |a 189103  
110 |a Universidad Nacional Autónoma de Honduras. Postgrado Latinoamericano en Trabajo Social  
245 |a Sistematización Taller de Investigación en la MLATS /  |c Universidad Nacional Autónoma de Honduras. Postgrado Latinoamericano en Trabajo Social  
260 |a Tegucigalpa:   |b UNAH  
300 |a 36 p  
710 |a PLATS  
999 |c 5043  |d 5043